000 00551nam a2200193 4500
001 111203
003 ES-MaACL
007 t|
008 061121s1984 sp r ||||1| spa d
100 1 _aNeggers, Gladys Crescioni de.
_985287
245 1 0 _aVocabulario culto /
_cGladys Crescioni de Neggers.
250 _a1ยช ed.
260 _aMadrid :
_bPlayor,
_c1984.
300 _a168 p. ;
_c24 cm.
490 1 _aDomine su lenguaje ;
_v2
830 0 _aDomine su lenguaje ;
_v2
_9185674
852 _aES-MaACL
_jL-8807
_bR.108782
999 _c111203
_d111203